000 01053nam a22002417a 4500
003 AR-RoUNCS
005 20260511154320.0
007 ta
008 260511s1981 sp |||||r|||| 00| 1 spa d
020 _a8402076998
040 _aAR-RoUNCS
_bspa
_cAR-RoUNCS
041 1 _aspa
_heng
100 1 _aFaulkner, William,
_d1897-1962
_eautor
245 1 4 _aLos invictos /
_cWilliam Faulkner.
250 _a1a ed.
260 _aBarcelona :
_bBruguera,
_c1981.
300 _a241 p. ;
_c18 cm.
490 0 _aColección de Literatura Universal Bruguera ;
_v57
520 _aEn Los invictos Faulkner recupera a la familia Sartoris que ya había aparecido en su novela de ese mismo título. Las siete historias que conforman la novela están narradas por Bayard Sartoris, un muchacho del condado Yoknapatawpha, que cuenta, desde un futuro próximo a los hechos, las circunstancias que ha visto y vivido durante la Guerra de Secesión y la inmediata posguerra.
650 7 _2embne
_aLiteratura norteamericana
655 7 _2embne
_aNovelas
942 _2udc
_cOG
_n0
999 _c1010
_d1010